000 00390nam a2200157Ia 4500
005 20250429070513.0
008 240331s9999 xx 000 0 und d
020 _a981002664
082 _a291.5
_bMUR
100 _aMurugaiyan, V
245 0 _aYamar ematar emantan yar
260 _aSingapore
_bDr, M. Vasanthakumar Murukaiyan
_c1991
300 _a167 p .,
650 _aReligion
942 _cL
999 _c960
_d960